Statistics for Footballer Anagrams

Click here to take the quiz!

General Stats

  • This quiz has been taken 218 times
  • The average score is 6 of 20

Answer Stats

AnagramPositionFootballer% Correct
Lone MissileForwardLionel Messi
97%
Snail CoordinatorForwardCristiano Ronaldo
92%
Rare HankyForwardHarry Kane
56%
Daze HardenForwardEden Hazard
51%
Dose ManiaMidfielderSadio Mane
34%
Desirable Town WorkForwardRobert Lewandowski
30%
EndorseGoalkeeperEderson
27%
Alien DiagramMidfielderAngel Di Maria
22%
Telegram ShinerForwardRaheem Sterling
22%
Smaller MouthMidfielderThomas Muller
19%
Along TokenMidfielderN'Golo Kante
18%
Grooms RaiseDefenderSergio Ramos
18%
Lame OrcDefenderMarcelo
13%
Turbo Haiti ScoutGoalkeeperThibaut Courtois
13%
Weekly LarkDefenderKyle Walker
11%
Mayhem SippedForwardMemphis Depay
10%
Sour CreamForwardMarco Reus
8%
Entire WormForwardTimo Werner
8%
Biased UrnDefenderRuben Dias
7%
Inheritance RisksMidfielderChristian Eriksen
4%

Score Distribution

Percentile by Number Answered

Percent of People with Each Score

Your Score History

You have not taken this quiz